<?xml version="1.0" encoding="UTF-8"?>
<collection xmlns="http://www.loc.gov/MARC21/slim">
 <record>
  <leader>01479nam a22002417a 4500</leader>
  <controlfield tag="001">NCT_47407</controlfield>
  <controlfield tag="008">180713b        xxu||||| |||| 00| 0 vie d</controlfield>
  <datafield tag="999" ind1=" " ind2=" ">
   <subfield code="c">2269</subfield>
   <subfield code="d">2269</subfield>
  </datafield>
  <datafield tag="020" ind1=" " ind2=" ">
   <subfield code="c">89000</subfield>
  </datafield>
  <datafield tag="082" ind1="0" ind2="4">
   <subfield code="2">23rd ed.</subfield>
   <subfield code="a">511.368</subfield>
   <subfield code="b">S312</subfield>
  </datafield>
  <datafield tag="100" ind1="1" ind2=" ">
   <subfield code="a">Nguyễn Trường Sinh</subfield>
   <subfield code="e">chủ biên</subfield>
  </datafield>
  <datafield tag="245" ind1="1" ind2="0">
   <subfield code="a">Macromedia dreamweaver :</subfield>
   <subfield code="b">Phần nâng cao</subfield>
   <subfield code="c">Nguyễn Trường Sinh (chủ biên); Lê Minh Hoàng, Hoàng Đức Hải</subfield>
  </datafield>
  <datafield tag="260" ind1=" " ind2=" ">
   <subfield code="a">TP Hồ Chí Minh</subfield>
   <subfield code="b">Lao động - Xã hội</subfield>
   <subfield code="c">2007</subfield>
  </datafield>
  <datafield tag="300" ind1=" " ind2=" ">
   <subfield code="a">492 tr.</subfield>
   <subfield code="b">Minh họa</subfield>
   <subfield code="c">24cm</subfield>
  </datafield>
  <datafield tag="520" ind1="3" ind2=" ">
   <subfield code="a">Cung cấp các kiến thức áp dụng ứng dụng của Dreamweaver 8 Sách hướng dẫn chi tiết, cụ thể, ví dụ minh họa bằng hình ảnh Cuốn tài liệu lập trình bổ ích dành cho dân công nghệ</subfield>
  </datafield>
  <datafield tag="653" ind1=" " ind2=" ">
   <subfield code="a">Công nghệ thông tin</subfield>
  </datafield>
  <datafield tag="700" ind1="1" ind2=" ">
   <subfield code="a">Lê Minh Hoàng</subfield>
  </datafield>
  <datafield tag="700" ind1="1" ind2=" ">
   <subfield code="a">Hoàng Đức Hải</subfield>
  </datafield>
  <datafield tag="942" ind1=" " ind2=" ">
   <subfield code="2">ddc</subfield>
   <subfield code="c">BK</subfield>
  </datafield>
  <datafield tag="952" ind1=" " ind2=" ">
   <subfield code="0">0</subfield>
   <subfield code="1">0</subfield>
   <subfield code="2">ddc</subfield>
   <subfield code="4">0</subfield>
   <subfield code="6">511_368000000000000_S312</subfield>
   <subfield code="7">0</subfield>
   <subfield code="9">12926</subfield>
   <subfield code="a">000001</subfield>
   <subfield code="b">000001</subfield>
   <subfield code="d">2018-07-13</subfield>
   <subfield code="o">511.368 S312</subfield>
   <subfield code="p">MD.05761</subfield>
   <subfield code="r">2018-07-13</subfield>
   <subfield code="v">89000.00</subfield>
   <subfield code="w">2018-07-13</subfield>
   <subfield code="y">BK</subfield>
  </datafield>
  <datafield tag="952" ind1=" " ind2=" ">
   <subfield code="0">0</subfield>
   <subfield code="1">0</subfield>
   <subfield code="2">ddc</subfield>
   <subfield code="4">0</subfield>
   <subfield code="6">511_368000000000000_S312</subfield>
   <subfield code="7">0</subfield>
   <subfield code="9">12927</subfield>
   <subfield code="a">000001</subfield>
   <subfield code="b">000001</subfield>
   <subfield code="d">2018-07-13</subfield>
   <subfield code="o">511.368 S312</subfield>
   <subfield code="p">MD.05762</subfield>
   <subfield code="r">2018-07-13</subfield>
   <subfield code="v">89000.00</subfield>
   <subfield code="w">2018-07-13</subfield>
   <subfield code="y">BK</subfield>
  </datafield>
  <datafield tag="952" ind1=" " ind2=" ">
   <subfield code="0">0</subfield>
   <subfield code="1">0</subfield>
   <subfield code="2">ddc</subfield>
   <subfield code="4">0</subfield>
   <subfield code="6">511_368000000000000_S312</subfield>
   <subfield code="7">0</subfield>
   <subfield code="9">12928</subfield>
   <subfield code="a">000001</subfield>
   <subfield code="b">000001</subfield>
   <subfield code="d">2018-07-13</subfield>
   <subfield code="o">511.368 S312</subfield>
   <subfield code="p">MD.05763</subfield>
   <subfield code="r">2018-07-13</subfield>
   <subfield code="v">89000.00</subfield>
   <subfield code="w">2018-07-13</subfield>
   <subfield code="y">BK</subfield>
  </datafield>
  <datafield tag="980" ind1=" " ind2=" ">
   <subfield code="a">Thư viện Trường Đại học Nam Cần Thơ</subfield>
  </datafield>
 </record>
</collection>
